000 002740000a22000970004500
100 1 _aYount, Shaw
245 1 0 _aChanged lives : Hospital ministry in Honduras
300 _aVol. 84, Num. 1 (Marzo-Junio, 2004), Páginas 18-19
773 0 _tLatin America Evangelist
942 _cANA
999 _c55193
_d55193